Top 15 Biggest Cities in Africa - Statistics

General Stats
  • This quiz has been taken 35 times
  • The average score is 13 of 15
Answer Stats
Country Population Answer % Correct
Egypt 10,100,166 Cairo
100%
Nigeria 16,536,018 Lagos
100%
Egypt 5,483,605 Alexandria
96%
South Africa 6,065,354 Johannesburg
96%
DR. Congo 17,032,322 Kinshasa
96%
Kenya 5,118,844 Nairobi
92%
Ethiopia 5,227,794 Addis Ababa
88%
South Africa 4,800,954 Cape Town
88%
Tanzania 7,404,689 Dar es Salaam
85%
Sudan 6,344,348 Khartoum
85%
Angola 9,250,791 Luanda
85%
Cameroon 4,336,670 Yaoundé
77%
Ivory Coast 5,515,790 Abidjan
73%
Egypt 9,250,791 Giza
54%
Nigeria 4,336,670 Kano
54%
No matching quizzes found
Score Distribution
Percent of People with Each Score
Percentile by Number Answered
Your Score History
You have not taken this quiz